Guía (Registro nro. 1136)

Detalles MARC
000 -LEADER
campo de control de longitud fija 00972nas a2200277 i 4500
001 - NÚMERO DE CONTROL
campo de control 1136
003 - IDENTIFICADOR DE NÚMERO DE CONTROL
campo de control ES-MaACL
005 - FECHA Y HORA DE LA ÚLTIMA TRANSACCIÓN
campo de control 20250828062527.0
007 - CAMPO FIJO DE DESCRIPCIÓN FÍSICA--INFORMACIÓN GENERAL
campo de control de longitud fija t|
008 - DATOS DE LONGITUD FIJA--INFORMACIÓN GENERAL
campo de control de longitud fija 950801c1941 sp | | 1 ||pa d
080 ## - NÚMERO DE LA CLASIFICACIÓN DECIMAL UNIVERSAL
Número de la Clasificación Decimal Universal 460
245 00 - MENCIÓN DEL TÍTULO
Título Guía
Resto del título : revista semanal de enseñanza y oposiciones /
Mención de responsabilidad, etc. Centro Nacional de Orientación y Trámite del S.E.U.
260 ## - PUBLICACIÓN, DISTRIBUCIÓN, ETC.
Lugar de publicación, distribución, etc. Madrid :
Nombre del editor, distribuidor, etc. [Sucs. Rivadeneyra],
Fecha de publicación, distribución, etc. 1941-
300 ## - DESCRIPCIÓN FÍSICA
Extensión 35 v. ;
Dimensiones 27 y 31 cm.
310 ## - PERIODICIDAD ACTUAL
Periodicidad actual Quincenal
321 ## - PERIODICIDAD ANTERIOR
Periodicidad anterior Quincenal,
Fechas de la periodicidad anterior 1941-1946
321 ## - PERIODICIDAD ANTERIOR
Periodicidad anterior Mensual
362 0# - FECHAS DE PUBLICACIÓN Y/O DESIGNACIÓN SECUENCIAL
Fecha de publicación y/o designación secuencial 1941-
500 ## - NOTA GENERAL
Nota general En 1947 aparece con la revista un boletín semanal.
500 ## - NOTA GENERAL
Nota general No se publicó en oct. 1953.
650 #7 - PUNTO DE ACCESO ADICIONAL DE MATERIA--TÉRMINO DE MATERIA
Término de materia o nombre geográfico como elemento de entrada Educación
Fuente del encabezamiento o término embne
9 (RLIN) 12073
710 2# - ENTRADA AGREGADA--NOMBRE DE ENTIDAD CORPORATIVA
Nombre de entidad corporativa o nombre de jurisdicción como elemento de entrada Centro Nacional de Orientación y Trámite del S.E.U.
9 (RLIN) 2768
852 ## - LOCALIZACIÓN
Ubicación ES-MaACL
Número de control de estantería Hem-658
866 #0 - MENCIÓN TEXTUAL DE FONDOS--UNIDAD BIBLIOGRÁFICA BÁSICA
Fondos (1941-42)(1943f.ene.-may.)1944-46(1947f.oct.y dic.)1948-53.(1954-55)1956(1957f.n.844y848-850)(1958f.n.858-861)1959,(1961).
Existencias
Estatus retirado Estado de pérdida Estado de daño No para préstamo Colección Biblioteca de origen Biblioteca actual Ubicación en estantería Fecha de adquisición Fuente de adquisición Total de préstamos Signatura topográfica completa Código de barras Visto por última vez Precio de reemplazo Tipo de ítem Koha
        Periódicos y Revistas Biblioteca del Ateneo de Madrid Biblioteca del Ateneo de Madrid Depósito 1 17/01/2008     Hem-658 1001158 23/02/2023 23/02/2023 Revista